[Event "AsianNationCup2018"]
[Site "Hamedan"]
[Date "2018.08.02"]
[Round "6.2"]
[White "Pourramezanali, Amirreza"]
[Black "Tabatabaei, M.Amin"]
[Result "1/2-1/2"]
[BlackElo "2590"]
[WhiteElo "2537"]
[LiveChessVersion "1.4.8"]

1. c4 {[%clk 1:30:52]} c6 {[%clk 1:30:58]} 2. Nf3 {[%clk 1:31:15]} Nf6
{[%clk 1:31:24]} 3. d4 {[%clk 1:31:36]} d5 {[%clk 1:31:50]} 4. cxd5
{[%clk 1:32:01]} cxd5 {[%clk 1:32:15]} 5. Nc3 {[%clk 1:32:24]} Nc6
{[%clk 1:32:39]} 6. Bf4 {[%clk 1:32:49]} Nh5 {[%clk 1:33:05]} 7. Bd2
{[%clk 1:32:40]} Nf6 {[%clk 1:33:30]} 8. Bf4 {[%clk 1:32:01]} Nh5
{[%clk 1:33:46]} 9. Be5 {[%clk 1:32:26]} f6 {[%clk 1:32:12]} 10. Bg3
{[%clk 1:32:50]} e5 {[%clk 1:32:28]} 11. e3 {[%clk 1:33:05]} Nxg3
{[%clk 1:31:50]} 12. hxg3 {[%clk 1:33:32]} e4 {[%clk 1:31:41]} 13. Nd2
{[%clk 1:33:57]} Be6 {[%clk 1:32:04]} 14. Ndxe4 {[%clk 1:34:14]} dxe4
{[%clk 1:32:24]} 15. d5 {[%clk 1:34:41]} Bxd5 {[%clk 1:32:14]} 16. Qxd5
{[%clk 1:34:43]} Qxd5 {[%clk 1:32:39]} 17. Nxd5 {[%clk 1:35:09]} O-O-O
{[%clk 1:32:33]} 18. O-O-O {[%clk 1:35:18]} Nb4 {[%clk 1:30:30]} 19. Nxb4
{[%clk 1:35:06]} Rxd1+ {[%clk 1:30:53]} 20. Kxd1 {[%clk 1:35:33]} Bxb4
{[%clk 1:31:19]} 21. Bc4 {[%clk 1:35:46]} h6 {[%clk 1:31:23]} 22. Ke2
{[%clk 1:35:51]} Rd8 {[%clk 1:31:48]} 23. Rd1 {[%clk 1:36:15]} Rxd1
{[%clk 1:32:14]} 24. Kxd1 {[%clk 1:36:39]} Kc7 {[%clk 1:31:55]} 25. Bd5
{[%clk 1:37:00]} b6 {[%clk 1:31:18]} 26. Bxe4 {[%clk 1:37:25]} a5
{[%clk 1:31:42]} 27. Ke2 {[%clk 1:37:50]} Kd6 {[%clk 1:32:04]} 28. g4
{[%clk 1:37:39]} Ke5 {[%clk 1:32:24]} 29. Kd3 {[%clk 1:38:01]} g5
{[%clk 1:32:47]} 30. Bb7 {[%clk 1:37:00]} f5 {[%clk 1:33:03]} 31. gxf5
{[%clk 1:37:16]} Kxf5 {[%clk 1:33:30]} 32. Bc8+ {[%clk 1:37:32]} Ke5
{[%clk 1:33:54]} 33. g3 {[%clk 1:37:59]} Kf6 {[%clk 1:33:22]} 34. Ke2
{[%clk 1:37:47]} h5 {[%clk 1:33:25]} 35. f4 {[%clk 1:37:57]} Ke5 1/2-1/2

[Event "AsianNationCup2018"]
[Site "Hamedan"]
[Date "2018.08.02"]
[Round "6.3"]
[White "Firouzja, Alireza"]
[Black "Darini, Pouria"]
[Result "1/2-1/2"]
[BlackElo "2463"]
[WhiteElo "2561"]
[LiveChessVersion "1.4.8"]

1. e4 c5 2. Bc4 {[%clk 1:29:48]} e6 {[%clk 1:30:34]} 3. Nc3 {[%clk 1:30:03]} Nf6
{[%clk 1:30:11]} 4. e5 {[%clk 1:30:16]} d5 {[%clk 1:17:37]} 5. exd6
{[%clk 1:30:44]} Bxd6 {[%clk 1:17:56]} 6. d3 {[%clk 1:31:11]} Nc6
{[%clk 1:18:18]} 7. Nf3 {[%clk 1:31:35]} h6 {[%clk 1:18:37]} 8. a3
{[%clk 1:31:59]} a6 {[%clk 1:18:57]} 9. a4 {[%clk 1:31:39]} O-O {[%clk 1:19:15]}
10. O-O {[%clk 1:32:03]} b6 {[%clk 1:19:21]} 11. Ne4 {[%clk 1:32:20]} Nxe4
{[%clk 1:18:44]} 12. dxe4 {[%clk 1:32:44]} 1/2-1/2

[Event "AsianNationCup2018"]
[Site "Hamedan"]
[Date "2018.08.02"]
[Round "6.4"]
[White "Mousavi, Seyed Khalil"]
[Black "Mosadeghpour, Masoud"]
[Result "1/2-1/2"]
[BlackElo "2531"]
[WhiteElo "2447"]
[LiveChessVersion "1.4.8"]

1. e4 {[%clk 1:30:27]} c5 {[%clk 1:30:51]} 2. Ne2 {[%clk 1:30:31]} Nc6
{[%clk 1:31:11]} 3. c4 {[%clk 1:30:52]} g6 {[%clk 1:31:06]} 4. d4
{[%clk 1:31:13]} Bg7 {[%clk 1:30:07]} 5. dxc5 {[%clk 1:30:42]} Qa5+
{[%clk 1:30:01]} 6. Nbc3 {[%clk 1:31:03]} Nf6 {[%clk 1:30:03]} 7. Ng3
{[%clk 1:30:18]} h5 {[%clk 1:28:28]} 8. Bd3 {[%clk 1:30:06]} h4 {[%clk 1:28:44]}
9. Nge2 {[%clk 1:30:29]} h3 {[%clk 1:28:55]} 10. g3 {[%clk 1:30:49]} Ne5
{[%clk 1:25:58]} 11. Nd4 {[%clk 1:26:30]} Qxc5 {[%clk 1:25:03]} 12. Nb3
{[%clk 1:26:53]} Qd6 {[%clk 1:22:51]} 1/2-1/2

[Event "AsianNationCup2018"]
[Site "Hamedan"]
[Date "2018.08.02"]
[Round "6.5"]
[White "Lu, Shanglei"]
[Black "Yakubboev, Nodirbek"]
[Result "1/2-1/2"]
[BlackElo "2512"]
[WhiteElo "2629"]
[LiveChessVersion "1.4.8"]

1. e4 {[%clk 1:30:58]} e5 {[%clk 1:30:44]} 2. Nf3 {[%clk 1:31:25]} Nc6
{[%clk 1:30:41]} 3. Bb5 {[%clk 1:31:52]} Nf6 {[%clk 1:30:35]} 4. d3
{[%clk 1:32:19]} Bc5 {[%clk 1:29:05]} 5. c3 {[%clk 1:32:45]} d5 {[%clk 1:29:17]}
6. exd5 {[%clk 1:33:13]} Qxd5 {[%clk 1:29:35]} 7. Bc4 {[%clk 1:33:40]} Qd6
{[%clk 1:29:45]} 8. Qe2 {[%clk 1:34:08]} O-O {[%clk 1:09:40]} 9. Bg5
{[%clk 1:34:36]} Bf5 {[%clk 0:56:38]} 10. Bxf6 {[%clk 1:35:02]} Qxf6
{[%clk 0:57:06]} 11. Nbd2 {[%clk 1:35:29]} Bd6 {[%clk 0:51:12]} 12. O-O
{[%clk 1:35:16]} Rae8 {[%clk 0:50:46]} 13. Rfe1 {[%clk 1:33:40]} Bd7
{[%clk 0:50:16]} 14. Bd5 {[%clk 1:30:58]} Re7 {[%clk 0:42:30]} 15. a4
{[%clk 1:22:43]} Nd8 {[%clk 0:38:46]} 16. a5 {[%clk 1:23:10]} Kh8
{[%clk 0:35:33]} 17. Qe3 {[%clk 1:04:17]} a6 {[%clk 0:34:41]} 18. g3
{[%clk 1:03:11]} Bc6 {[%clk 0:30:25]} 19. Bxc6 {[%clk 0:59:10]} Nxc6
{[%clk 0:30:55]} 20. b4 {[%clk 0:59:18]} Nd8 {[%clk 0:26:40]} 21. Nc4
{[%clk 0:57:10]} Rfe8 {[%clk 0:26:25]} 22. Qe4 {[%clk 0:56:50]} Qg6
{[%clk 0:22:56]} 23. Nh4 {[%clk 0:55:36]} Qxe4 {[%clk 0:20:59]} 24. dxe4
{[%clk 0:55:58]} Re6 {[%clk 0:17:48]} 25. Rad1 {[%clk 0:53:56]} f6
{[%clk 0:15:33]} 26. Rd5 {[%clk 0:43:25]} Be7 {[%clk 0:11:18]} 27. Nf5
{[%clk 0:29:51]} g6 {[%clk 0:11:33]} 28. Nfe3 {[%clk 0:30:01]} Rc6
{[%clk 0:12:01]} 29. Ra1 {[%clk 0:25:41]} Ne6 {[%clk 0:11:35]} 30. h4
{[%clk 0:26:08]} h5 {[%clk 0:06:55]} 31. f3 {[%clk 0:21:39]} Bf8 {[%clk 0:04:51]}
32. Kf2 {[%clk 0:20:22]} Bh6 {[%clk 0:04:28]} 33. Rd3 {[%clk 0:20:11]} Kg8
{[%clk 0:03:54]} 34. Rad1 {[%clk 0:14:58]} Bxe3+ {[%clk 0:03:26]} 35. Nxe3
{[%clk 0:15:26]} Kf7 {[%clk 0:03:54]} 36. Rd7+ {[%clk 0:13:18]} Re7
{[%clk 0:04:23]} 37. Rxe7+ {[%clk 0:13:09]} Kxe7 {[%clk 0:04:48]} 1/2-1/2

[Event "AsianNationCup2018"]
[Site "Hamedan"]
[Date "2018.08.02"]
[Round "6.6"]
[White "Khoroshev, Nikita"]
[Black "Zhou, Jianchao"]
[Result "0-1"]
[BlackElo "2621"]
[WhiteElo "2424"]
[LiveChessVersion "1.4.8"]

1. Nf3 {[%clk 1:30:49]} c5 {[%clk 1:30:20]} 2. c4 {[%clk 1:30:58]} Nc6
{[%clk 1:30:14]} 3. Nc3 {[%clk 1:30:57]} e5 {[%clk 1:29:12]} 4. g3
{[%clk 1:22:00]} g6 5. d3 {[%clk 1:20:51]} Bg7 {[%clk 1:28:49]} 6. h4
{[%clk 1:21:13]} h6 {[%clk 1:28:14]} 7. Bh3 {[%clk 1:11:37]} Nge7
{[%clk 1:27:36]} 8. e4 {[%clk 1:11:43]} d6 {[%clk 1:23:26]} 9. Bxc8
{[%clk 1:06:09]} Rxc8 {[%clk 1:21:21]} 10. h5 {[%clk 1:06:16]} Qd7
{[%clk 0:57:21]} 11. Nh2 {[%clk 0:56:22]} Nd4 {[%clk 0:47:52]} 12. Be3
{[%clk 0:49:25]} O-O {[%clk 0:39:39]} 13. Ng4 {[%clk 0:32:47]} g5
{[%clk 0:36:29]} 14. Bxd4 {[%clk 0:15:08]} exd4 {[%clk 0:30:35]} 15. Nb1
{[%clk 0:13:22]} f5 {[%clk 0:29:53]} 16. exf5 {[%clk 0:13:46]} Qxf5
{[%clk 0:29:48]} 17. O-O {[%clk 0:14:12]} Nc6 {[%clk 0:29:11]} 18. a3
{[%clk 0:11:09]} Rce8 {[%clk 0:23:52]} 19. b4 {[%clk 0:03:53]} Ne5
{[%clk 0:17:02]} 20. Nxe5 {[%clk 0:04:22]} Rxe5 {[%clk 0:16:26]} 21. bxc5
{[%clk 0:03:51]} Qh3 {[%clk 0:12:49]} 22. Re1 {[%clk 0:02:29]} Rxf2
{[%clk 0:11:30]} 23. Kxf2 {[%clk 0:02:30]} Rf5+ {[%clk 0:09:19]} 24. Kg1
{[%clk 0:02:50]} Qxg3+ {[%clk 0:09:46]} 25. Kh1 {[%clk 0:03:19]} Rf2
{[%clk 0:09:59]} 0-1

[Event "AsianNationCup2018"]
[Site "Hamedan"]
[Date "2018.08.02"]
[Round "6.8"]
[White "Iuldachev, Saidali"]
[Black "Xu, Xiangyu"]
[Result "0-1"]
[BlackElo "2585"]
[WhiteElo "2456"]
[LiveChessVersion "1.4.8"]

1. e4 {[%clk 1:30:57]} Nf6 {[%clk 1:30:49]} 2. e5 {[%clk 1:31:01]} Nd5
{[%clk 1:31:13]} 3. d4 {[%clk 1:31:25]} d6 {[%clk 1:31:39]} 4. c4
{[%clk 1:31:26]} Nb6 {[%clk 1:32:04]} 5. exd6 {[%clk 1:31:49]} cxd6
{[%clk 1:32:30]} 6. Nc3 {[%clk 1:31:55]} g6 {[%clk 1:32:52]} 7. h3
{[%clk 1:31:36]} Bg7 {[%clk 1:33:13]} 8. Nf3 {[%clk 1:31:57]} O-O
{[%clk 1:33:14]} 9. Be3 {[%clk 1:32:18]} Nc6 {[%clk 1:33:36]} 10. Rc1
{[%clk 1:32:25]} d5 {[%clk 1:33:51]} 11. c5 {[%clk 1:32:07]} Nc4 {[%clk 1:34:15]}
12. Bxc4 {[%clk 1:32:10]} dxc4 {[%clk 1:34:38]} 13. O-O {[%clk 1:32:24]} b6
{[%clk 1:34:59]} 14. Qa4 {[%clk 1:27:21]} Nxd4 {[%clk 1:35:13]} 15. Bxd4
{[%clk 1:13:20]} Bxd4 {[%clk 1:35:32]} 16. cxb6 {[%clk 1:13:10]} Bxc3
{[%clk 1:28:01]} 17. Rxc3 {[%clk 1:07:49]} Qxb6 {[%clk 1:28:11]} 18. Rxc4
{[%clk 1:06:41]} Qxb2 {[%clk 1:27:38]} 19. Rc7 {[%clk 1:03:33]} Qf6
{[%clk 1:24:17]} 20. Re1 {[%clk 0:51:07]} Bxh3 {[%clk 0:48:24]} 21. Rexe7
{[%clk 0:51:17]} Be6 {[%clk 0:48:14]} 22. Rxa7 {[%clk 0:50:25]} Rad8
{[%clk 0:36:23]} 23. Qh4 {[%clk 0:26:28]} Qxh4 {[%clk 0:36:49]} 24. Nxh4
{[%clk 0:26:54]} Rd1+ {[%clk 0:37:16]} 25. Kh2 {[%clk 0:27:20]} Rd2
{[%clk 0:37:43]} 26. Kg3 {[%clk 0:19:23]} Rxa2 {[%clk 0:38:07]} 27. Rxa2
{[%clk 0:19:39]} Bxa2 {[%clk 0:38:31]} 28. Nf3 {[%clk 0:19:41]} Rd8
{[%clk 0:38:03]} 29. Re2 {[%clk 0:18:22]} Ra8 {[%clk 0:38:15]} 30. Nd4
{[%clk 0:18:10]} Kg7 {[%clk 0:38:25]} 31. Re1 {[%clk 0:16:06]} Bd5
{[%clk 0:38:11]} 32. Re5 {[%clk 0:16:08]} Rd8 {[%clk 0:38:34]} 33. Ne2
{[%clk 0:15:59]} Bc4 {[%clk 0:37:59]} 34. Nf4 {[%clk 0:15:51]} Rd4
{[%clk 0:38:15]} 35. f3 {[%clk 0:14:07]} h5 {[%clk 0:36:55]} 36. Ne2
{[%clk 0:04:08]} Rd1 {[%clk 0:36:21]} 37. Re4 {[%clk 0:02:02]} Ba6
{[%clk 0:36:48]} 38. Nf4 {[%clk 0:02:01]} Rh1 {[%clk 0:37:07]} 39. Nh3
{[%clk 0:01:23]} Ra1 {[%clk 0:35:36]} 40. Re7 {[%clk 0:01:00]} Bf1
{[%clk 0:34:50]} 41. Kf2 {[%clk 0:29:38]} Bc4 {[%clk 1:04:49]} 42. Rc7
{[%clk 0:29:41]} Ra4 {[%clk 1:02:24]} 43. Ng5 {[%clk 0:27:50]} Bd5
{[%clk 1:01:49]} 44. Rc5 {[%clk 0:27:01]} Ra2+ {[%clk 1:02:02]} 45. Kg1
{[%clk 0:26:12]} Rd2 {[%clk 1:02:17]} 46. Nh3 {[%clk 0:25:21]} Rd4
{[%clk 1:02:40]} 47. Kf2 {[%clk 0:24:08]} Bb3 {[%clk 0:57:39]} 48. Ng5
{[%clk 0:21:30]} Kh6 {[%clk 0:56:20]} 49. Ne4 {[%clk 0:20:55]} Be6
{[%clk 0:56:45]} 50. Ng5 {[%clk 0:19:25]} Rd2+ {[%clk 0:56:27]} 51. Kg1
{[%clk 0:18:44]} Bd5 {[%clk 0:56:17]} 52. Nh3 {[%clk 0:19:06]} Be6
{[%clk 0:53:21]} 53. Ng5 {[%clk 0:18:09]} Bd5 {[%clk 0:53:05]} 54. Nh3
{[%clk 0:18:34]} g5 {[%clk 0:53:23]} 55. Nf2 {[%clk 0:18:14]} Kg6
{[%clk 0:53:39]} 56. Kf1 {[%clk 0:17:23]} f6 {[%clk 0:52:07]} 57. Ra5
{[%clk 0:16:36]} Rd4 {[%clk 0:50:39]} 58. Kg1 {[%clk 0:16:41]} Kf7
{[%clk 0:48:57]} 59. Ra7+ {[%clk 0:16:33]} Ke6 {[%clk 0:48:43]} 60. Rh7
{[%clk 0:14:44]} g4 {[%clk 0:49:09]} 61. fxg4 {[%clk 0:14:21]} hxg4
{[%clk 0:49:29]} 62. Kh2 {[%clk 0:11:34]} f5 {[%clk 0:48:53]} 63. Kg3
{[%clk 0:05:39]} Kf6 {[%clk 0:46:23]} 64. Rd7 {[%clk 0:02:57]} Rd2
{[%clk 0:46:47]} 65. Rd6+ {[%clk 0:01:27]} Kg5 {[%clk 0:47:10]} 66. Kh2
{[%clk 0:01:53]} Kf4 {[%clk 0:47:25]} 67. Kg1 {[%clk 0:01:45]} g3
{[%clk 0:47:49]} 68. Nh3+ {[%clk 0:01:55]} Ke5 {[%clk 0:48:16]} 0-1

[Event "AsianNationCup2018"]
[Site "Hamedan"]
[Date "2018.08.02"]
[Round "6.9"]
[White "Adhiban, B."]
[Black "Nguyen, Ngoc Truong Son"]
[Result "1/2-1/2"]
[BlackElo "2618"]
[WhiteElo "2671"]
[LiveChessVersion "1.4.8"]

1. d4 {[%clk 1:30:57]} d5 {[%clk 1:30:47]} 2. c4 {[%clk 1:31:24]} c6
{[%clk 1:31:07]} 3. Nc3 {[%clk 1:31:50]} Nf6 {[%clk 1:31:27]} 4. e3
{[%clk 1:32:14]} e6 {[%clk 1:31:38]} 5. Nf3 {[%clk 1:32:40]} Nbd7
{[%clk 1:31:56]} 6. Bd3 {[%clk 1:33:04]} dxc4 {[%clk 1:32:06]} 7. Bxc4
{[%clk 1:33:32]} b5 {[%clk 1:32:21]} 8. Bd3 {[%clk 1:33:57]} Bd6 {[%clk 1:32:40]}
9. Qc2 {[%clk 1:34:19]} Bb7 {[%clk 1:31:38]} 10. e4 {[%clk 1:34:41]} e5
{[%clk 1:31:10]} 11. Bg5 {[%clk 1:35:07]} h6 {[%clk 1:26:10]} 12. Bh4
{[%clk 1:35:35]} O-O {[%clk 1:23:39]} 13. O-O-O {[%clk 1:35:52]} Qe7
{[%clk 1:13:47]} 14. Kb1 {[%clk 1:28:56]} a6 {[%clk 1:08:42]} 15. dxe5
{[%clk 1:23:15]} Nxe5 {[%clk 1:07:37]} 16. Nd4 {[%clk 1:22:05]} g6
{[%clk 1:02:35]} 17. f4 {[%clk 0:47:29]} Nxd3 {[%clk 1:00:33]} 18. Rxd3
{[%clk 0:46:49]} Bxf4 {[%clk 0:41:22]} 19. e5 {[%clk 0:46:36]} Bxe5
{[%clk 0:39:15]} 20. Re1 {[%clk 0:47:05]} Rae8 {[%clk 0:20:07]} 21. Nf3
{[%clk 0:46:13]} Qb4 {[%clk 0:20:00]} 22. Rxe5 {[%clk 0:30:32]} Rxe5
{[%clk 0:20:24]} 23. Bxf6 {[%clk 0:30:59]} Re6 {[%clk 0:19:04]} 24. Bd4
{[%clk 0:30:09]} Rfe8 {[%clk 0:15:58]} 25. a3 {[%clk 0:28:51]} Qe7
{[%clk 0:15:41]} 26. Qf2 {[%clk 0:26:56]} Bc8 {[%clk 0:15:12]} 27. Rd1
{[%clk 0:25:09]} a5 {[%clk 0:14:45]} 28. Bc5 {[%clk 0:18:49]} Qf6
{[%clk 0:14:59]} 29. Ka1 {[%clk 0:18:47]} b4 {[%clk 0:12:09]} 30. axb4
{[%clk 0:19:04]} axb4 {[%clk 0:12:35]} 31. Bxb4 {[%clk 0:19:23]} Re3
{[%clk 0:09:33]} 32. Rd6 {[%clk 0:03:08]} Qf4 {[%clk 0:08:17]} 33. Rd4
{[%clk 0:03:34]} Qb8 {[%clk 0:05:35]} 34. Bc5 {[%clk 0:03:25]} Qc7
{[%clk 0:03:12]} 35. Ra4 {[%clk 0:03:32]} Rd3 {[%clk 0:03:16]} 36. Qh4
{[%clk 0:03:35]} Qd8 {[%clk 0:03:17]} 37. Qxd8 {[%clk 0:03:02]} Rdxd8
{[%clk 0:03:25]} 38. Rd4 {[%clk 0:00:44]} Be6 {[%clk 0:03:26]} 39. Ne4
{[%clk 0:00:36]} Ra8+ {[%clk 0:03:43]} 40. Ba3 {[%clk 0:01:04]} Kg7
{[%clk 0:03:51]} 41. Nc3 {[%clk 0:27:52]} 1/2-1/2

[Event "AsianNationCup2018"]
[Site "Hamedan"]
[Date "2018.08.02"]
[Round "6.10"]
[White "Tran, Tuan Minh"]
[Black "Sethuraman, S.P."]
[Result "0-1"]
[BlackElo "2657"]
[WhiteElo "2520"]
[LiveChessVersion "1.4.8"]

1. d4 {[%clk 1:30:40]} d6 {[%clk 1:30:52]} 2. e4 {[%clk 1:31:03]} Nf6
{[%clk 1:31:14]} 3. Nc3 {[%clk 1:31:26]} g6 {[%clk 1:31:39]} 4. f4
{[%clk 1:31:46]} Bg7 {[%clk 1:31:09]} 5. Nf3 {[%clk 1:32:11]} c5 {[%clk 1:29:58]}
6. Bb5+ {[%clk 1:32:35]} Bd7 {[%clk 1:29:50]} 7. e5 {[%clk 1:32:42]} Ng4
{[%clk 1:29:29]} 8. Bxd7+ {[%clk 1:30:25]} Qxd7 {[%clk 1:27:42]} 9. h3
{[%clk 1:30:44]} cxd4 {[%clk 1:26:06]} 10. Qxd4 {[%clk 1:30:19]} Nc6
{[%clk 1:26:30]} 11. Qe4 {[%clk 1:30:31]} Nh6 {[%clk 1:26:55]} 12. g4
{[%clk 1:21:45]} O-O-O {[%clk 1:19:55]} 13. O-O {[%clk 1:07:21]} f5
{[%clk 1:08:40]} 14. exf6 {[%clk 1:04:15]} exf6 {[%clk 1:08:49]} 15. Qd5
{[%clk 1:00:26]} f5 {[%clk 0:49:00]} 16. g5 {[%clk 1:00:35]} Ng8 {[%clk 0:48:49]}
17. Be3 {[%clk 0:55:49]} Nge7 {[%clk 0:43:19]} 18. Qd3 {[%clk 0:54:10]} h6
{[%clk 0:43:35]} 19. Nb5 {[%clk 0:41:24]} a6 {[%clk 0:39:18]} 20. a4
{[%clk 0:39:57]} d5 {[%clk 0:20:52]} 21. Bb6 {[%clk 0:33:34]} d4 {[%clk 0:16:22]}
22. Bxd8 {[%clk 0:29:19]} Rxd8 {[%clk 0:16:05]} 23. Na3 {[%clk 0:29:15]} Nd5
{[%clk 0:15:28]} 24. Nc4 {[%clk 0:29:30]} Qc7 {[%clk 0:14:57]} 25. Rfe1
{[%clk 0:23:01]} Nxf4 {[%clk 0:08:59]} 26. Qf1 {[%clk 0:23:26]} d3
{[%clk 0:08:50]} 27. cxd3 {[%clk 0:23:18]} Nxd3 {[%clk 0:04:45]} 28. Red1
{[%clk 0:22:45]} Ncb4 {[%clk 0:04:44]} 29. gxh6 {[%clk 0:21:04]} Bxh6
{[%clk 0:04:43]} 30. Ra3 {[%clk 0:21:21]} Qg3+ {[%clk 0:04:23]} 0-1

[Event "AsianNationCup2018"]
[Site "Hamedan"]
[Date "2018.08.02"]
[Round "6.11"]
[White "Sasikiran, Krishnan"]
[Black "Nguyen, Anh Khoi"]
[Result "1-0"]
[BlackElo "2454"]
[WhiteElo "2666"]
[LiveChessVersion "1.4.8"]

1. e4 {[%clk 1:30:57]} c5 {[%clk 1:30:52]} 2. Nf3 {[%clk 1:31:17]} d6
{[%clk 1:31:16]} 3. d4 {[%clk 1:31:34]} cxd4 {[%clk 1:31:39]} 4. Nxd4
{[%clk 1:31:54]} Nf6 {[%clk 1:32:03]} 5. Nc3 {[%clk 1:32:11]} a6 {[%clk 1:32:26]}
6. Bc4 {[%clk 1:32:31]} e6 {[%clk 1:32:36]} 7. a4 {[%clk 1:32:47]} Be7
{[%clk 1:29:26]} 8. O-O {[%clk 1:33:00]} Nc6 {[%clk 1:28:48]} 9. Be3
{[%clk 1:32:33]} O-O {[%clk 1:28:22]} 10. Qe2 {[%clk 1:32:28]} Bd7
{[%clk 1:21:39]} 11. Nxc6 {[%clk 1:30:34]} Bxc6 {[%clk 1:21:03]} 12. a5
{[%clk 1:30:53]} Rc8 {[%clk 0:58:41]} 13. Rfd1 {[%clk 1:21:48]} Qc7
{[%clk 0:55:28]} 14. Bb6 {[%clk 1:19:06]} Qb8 {[%clk 0:54:08]} 15. Bb3
{[%clk 1:15:14]} Rfe8 {[%clk 0:42:39]} 16. Rd3 {[%clk 1:01:48]} Nd7
{[%clk 0:31:31]} 17. Bd4 {[%clk 0:59:01]} Bf6 {[%clk 0:31:37]} 18. Qd2
{[%clk 0:48:40]} Bxd4 {[%clk 0:24:38]} 19. Rxd4 {[%clk 0:49:05]} Nf6
{[%clk 0:22:42]} 20. f3 {[%clk 0:34:29]} Red8 {[%clk 0:20:33]} 21. Rd1
{[%clk 0:32:58]} Ne8 {[%clk 0:15:37]} 22. f4 {[%clk 0:23:34]} b5 {[%clk 0:11:44]}
23. e5 {[%clk 0:21:44]} d5 {[%clk 0:11:28]} 24. Ne4 {[%clk 0:20:19]} Qa7
{[%clk 0:10:45]} 25. Ng5 {[%clk 0:19:28]} h6 {[%clk 0:10:26]} 26. Nf3
{[%clk 0:18:49]} b4 {[%clk 0:10:42]} 27. Kh1 {[%clk 0:16:01]} Nc7
{[%clk 0:10:15]} 28. Rxb4 {[%clk 0:14:53]} d4 {[%clk 0:09:00]} 29. Rxd4
{[%clk 0:14:12]} Rxd4 {[%clk 0:08:45]} 30. Nxd4 {[%clk 0:12:10]} Rd8
{[%clk 0:08:36]} 31. c3 {[%clk 0:12:01]} Qb7 {[%clk 0:08:04]} 32. Bc4
{[%clk 0:11:51]} Be4 {[%clk 0:07:22]} 33. Qe2 {[%clk 0:09:04]} 1-0

[Event "AsianNationCup2018"]
[Site "Hamedan"]
[Date "2018.08.02"]
[Round "6.12"]
[White "Dao, Thien Hai"]
[Black "Ganguly, Surya Shekhar"]
[Result "0-1"]
[BlackElo "2652"]
[WhiteElo "2476"]
[LiveChessVersion "1.4.8"]

1. d4 {[%clk 1:30:57]} e6 {[%clk 1:30:40]} 2. c4 {[%clk 1:31:08]} b6
{[%clk 1:30:54]} 3. Nc3 {[%clk 1:28:37]} Bb7 {[%clk 1:30:38]} 4. a3
{[%clk 1:25:31]} f5 {[%clk 1:30:50]} 5. d5 {[%clk 1:25:15]} Nf6 {[%clk 1:30:08]}
6. g3 {[%clk 1:25:06]} Na6 {[%clk 1:30:19]} 7. Bg2 {[%clk 1:24:40]} Nc5
{[%clk 1:30:27]} 8. Nh3 {[%clk 1:24:48]} Bd6 {[%clk 1:30:16]} 9. O-O
{[%clk 1:23:19]} O-O {[%clk 1:30:18]} 10. Be3 {[%clk 1:12:59]} Qe7
{[%clk 1:12:53]} 11. Rc1 {[%clk 1:12:16]} Nce4 {[%clk 1:09:02]} 12. Nxe4
{[%clk 1:04:19]} Nxe4 {[%clk 1:09:19]} 13. dxe6 {[%clk 1:01:59]} dxe6
{[%clk 1:01:14]} 14. Ng5 {[%clk 1:00:50]} Nxg5 {[%clk 1:01:01]} 15. Bxb7
{[%clk 1:00:45]} Rad8 {[%clk 1:01:04]} 16. Qc2 {[%clk 0:59:51]} f4
{[%clk 0:50:42]} 17. Bd2 {[%clk 0:59:23]} c6 {[%clk 0:35:25]} 18. Bxc6
{[%clk 0:58:03]} fxg3 {[%clk 0:35:47]} 19. hxg3 {[%clk 0:57:31]} Bxg3
{[%clk 0:35:19]} 20. fxg3 {[%clk 0:56:18]} Qc5+ {[%clk 0:35:19]} 21. Kh2
{[%clk 0:56:42]} Rf2+ {[%clk 0:35:35]} 22. Rxf2 {[%clk 0:56:42]} Qxf2+
{[%clk 0:35:59]} 23. Kh1 {[%clk 0:56:50]} Qxg3 {[%clk 0:35:34]} 24. Bxg5
{[%clk 0:50:26]} Qxg5 {[%clk 0:33:42]} 25. Rd1 {[%clk 0:50:18]} Qh5+
{[%clk 0:27:04]} 26. Kg2 {[%clk 0:49:25]} Qg5+ {[%clk 0:27:17]} 27. Kf1
{[%clk 0:49:34]} Qf5+ {[%clk 0:27:43]} 28. Bf3 {[%clk 0:44:32]} Qxc2
{[%clk 0:28:06]} 29. Rxd8+ {[%clk 0:44:59]} Kf7 {[%clk 0:28:33]} 30. Rd7+
{[%clk 0:45:24]} Kf6 {[%clk 0:28:39]} 31. Rxa7 {[%clk 0:45:46]} Qxb2
{[%clk 0:27:28]} 32. Kg2 {[%clk 0:46:05]} Qc1 {[%clk 0:24:51]} 33. Rb7
{[%clk 0:46:19]} Qg5+ {[%clk 0:25:12]} 34. Kf1 {[%clk 0:46:31]} Qc5
{[%clk 0:25:32]} 0-1